[Event "51st World Juniors"]
[Site "Athens GRE"]
[Date "2012.08.07"]
[Round "6.36"]
[White "Malikentzos, Sotirios"]
[Black "Potpara, Nikola"]
[Result "0-1"]
[WhiteTitle "FM"]
[WhiteElo "2337"]
[BlackElo "2201"]
[WhiteFideId "4215079"]
[BlackFideId "910058"]
[EventDate "2012.08.02"]

1. d4 Nf6 2. c4 e6 3. g3 c5 4. d5 exd5 5. cxd5 b5 6. e4 Bb7 7. Bg2 d6 8. a4 b4
9. Nd2 g6 10. Ne2 Nbd7 11. O-O Ba6 12. b3 Bg7 13. Bb2 O-O 14. Nc4 Bxc4 15. bxc4
Re8 16. Qc2 g5 17. f4 Ng4 18. Bxg7 Kxg7 19. Qd3 gxf4 20. gxf4 Kh8 21. Ng3 Qh4
22. h3 Nh6 23. Rae1 Rg8 24. Re3 Rg7 25. Rff3 Rag8 26. a5 Nf6 27. e5 Nh5 28. e6
Nxg3 29. e7 Ne4 30. e8=Q Rxg2+ 31. Kh1 Nf2+ 32. Rxf2 Rg1+ 0-1

[Event "51st World Juniors"]
[Site "Athens GRE"]
[Date "2012.08.07"]
[Round "6.37"]
[White "Naoum, Spyridon"]
[Black "Grandadam, Nicolas"]
[Result "1/2-1/2"]
[BlackTitle "FM"]
[WhiteElo "2146"]
[BlackElo "2333"]
[WhiteFideId "4227506"]
[BlackFideId "681806"]
[EventDate "2012.08.02"]

1. d4 d5 2. c4 c6 3. Nc3 e6 4. Nf3 dxc4 5. a4 Bb4 6. Bd2 a5 7. e3 b5 8. axb5
Bxc3 9. Bxc3 cxb5 10. b3 Bb7 11. bxc4 b4 12. Bd2 Nf6 13. Bd3 O-O 14. Qc2 Nbd7
15. O-O Qc7 16. Nh4 Bc6 17. e4 e5 18. f4 exd4 19. e5 b3 20. Qb1 Ng4 21. Bxh7+
Kh8 22. Bf5 Ne3 23. Qe1 Nc5 24. Bxe3 dxe3 25. Qxe3 Qa7 26. Kh1 Rfe8 27. Bb1 Kg8
28. Nf5 a4 29. Ra3 Ne6 30. Qd3 Qc5 31. Nd6 Qxa3 32. Qh7+ Kf8 33. Qh5 Nd8 34. Nf5
Kg8 35. Ne7+ Kf8 36. Nf5 Kg8 1/2-1/2

[Event "51st World Juniors"]
[Site "Athens GRE"]
[Date "2012.08.07"]
[Round "6.38"]
[White "Wageih, Kareim"]
[Black "Caetano, Hugo Zanotti Mendonca"]
[Result "1-0"]
[WhiteTitle "IM"]
[WhiteElo "2332"]
[BlackElo "2109"]
[WhiteFideId "10604561"]
[BlackFideId "2119420"]
[EventDate "2012.08.02"]

1. d4 d5 2. Nf3 Nf6 3. c4 e6 4. cxd5 exd5 5. Nc3 c6 6. Bg5 Be7 7. Qc2 Nbd7 8. e3
O-O 9. Bd3 Re8 10. O-O h6 11. Bh4 b6 12. Rab1 Bb7 13. b4 Rc8 14. Rfc1 Nh5 15.
Bxe7 Qxe7 16. Qe2 g6 17. Ba6 Bxa6 18. Qxa6 Nb8 19. Qd3 b5 20. Ne5 Nd7 21. Nxd7
Qxd7 22. Rc2 Nf6 23. a4 a6 24. Ra2 Qd6 25. Ne2 Ng4 26. g3 h5 27. Nc1 h4 28. Qe2
Re4 29. Qf3 Rd8 30. Ne2 Nh6 31. Nc3 Re6 32. Qf4 Qxf4 33. gxf4 Nf5 34. axb5 axb5
35. Ra6 g5 36. fxg5 h3 37. Ne2 Re4 38. Ng3 Rg4 39. Rxc6 Rxg5 40. Rbc1 Kg7 41.
Kf1 Nh4 42. Ke2 Ng2 43. Ra6 Rb8 44. Rc7 Kg8 45. Raa7 f5 46. f4 Rxg3 47. hxg3 Rd8
48. Kf2 Nxe3 49. Kg1 Ng4 50. Rg7+ Kh8 51. Rh7+ Kg8 52. Rag7+ 1-0

[Event "51st World Juniors"]
[Site "Athens GRE"]
[Date "2012.08.07"]
[Round "6.39"]
[White "Zwakala, Ntando"]
[Black "Ivekovic, Zvonimir"]
[Result "0-1"]
[WhiteElo "2054"]
[BlackElo "2320"]
[WhiteFideId "14308967"]
[BlackFideId "14511320"]
[EventDate "2012.08.02"]

1. e4 c5 2. Nf3 d6 3. Nc3 Nf6 4. d4 cxd4 5. Nxd4 a6 6. Be2 e5 7. Nb3 Be7 8. O-O
O-O 9. f4 b5 10. Bf3 Bb7 11. Be3 Nbd7 12. f5 Rc8 13. Qd2 Nb6 14. Na5 Ba8 15. Qf2
Nbd7 16. Nb3 b4 17. Nd5 Nxd5 18. exd5 Nf6 19. Bg5 Nxd5 20. Bxe7 Qxe7 21. Bxd5
Bxd5 22. Qd2 Ba8 23. Rf2 Qf6 24. Qxb4 d5 25. Re1 d4 26. a3 Rfd8 27. Nc5 Bd5 28.
Qa5 h5 29. b4 Qg5 30. Qxa6 e4 31. Nxe4 Bxe4 32. Rxe4 d3 33. cxd3 Rc1+ 34. Rf1
Rc2 35. Rf2 Qc1+ 0-1

[Event "51st World Juniors"]
[Site "Athens GRE"]
[Date "2012.08.07"]
[Round "6.40"]
[White "Velten, Paul"]
[Black "Muhammad, Luthfi Ali"]
[Result "0-1"]
[WhiteTitle "FM"]
[BlackTitle "CM"]
[WhiteElo "2366"]
[BlackElo "2078"]
[WhiteFideId "681091"]
[BlackFideId "7103743"]
[EventDate "2012.08.02"]

1. d4 Nf6 2. c4 g6 3. Nc3 Bg7 4. e4 d6 5. Nf3 O-O 6. h3 Na6 7. Be3 e5 8. d5 Nc5
9. Nd2 a5 10. g4 Nfd7 11. h4 Nb6 12. g5 f6 13. Qe2 c6 14. Bh3 Bxh3 15. Rxh3 Qd7
16. Rh2 cxd5 17. cxd5 Nba4 18. Nd1 Na6 19. Rc1 f5 20. f3 N4c5 21. Nf2 Rac8 22.
Nc4 Qd8 23. Bd2 Nb4 24. a3 Nb3 25. Rc3 Nd4 26. Qd1 Na2 27. Ne3 Nxc3 28. bxc3
fxe4 29. cxd4 exd4 30. Nxe4 dxe3 31. Bxe3 Be5 32. Rf2 Rc4 33. Kf1 Qd7 34. Kg2 b5
35. Qb1 Ra4 36. Bc1 Qf5 37. Qd3 Rxe4 0-1

[Event "51st World Juniors"]
[Site "Athens GRE"]
[Date "2012.08.07"]
[Round "6.41"]
[White "Stanciu, Alexandru-Ovidiu"]
[Black "Larmuseau, Maarten"]
[Result "0-1"]
[WhiteElo "2342"]
[BlackElo "2245"]
[WhiteFideId "1217674"]
[BlackFideId "209988"]
[EventDate "2012.08.02"]

1. Nf3 Nf6 2. d4 e6 3. c4 b6 4. g3 Ba6 5. Nbd2 c5 6. e4 cxd4 7. e5 Ng4 8. h3 Nh6
9. Bg2 Nc6 10. O-O Be7 11. Qa4 Bb7 12. Ne4 O-O 13. Bxh6 gxh6 14. Rad1 Qc7 15.
Rfe1 Rfd8 16. Nf6+ Kg7 17. Nh5+ Kh8 18. Re4 d6 19. Rf4 Nxe5 20. Nxe5 dxe5 21.
Rxf7 Rf8 22. Rg7 Rg8 23. Rxg8+ Kxg8 24. Qc2 Bxg2 25. Kxg2 Qc6+ 26. f3 Rf8 27.
Qd3 Bg5 28. g4 Be3 29. Rf1 a6 30. Ng3 Rc8 31. h4 Qxc4 32. Qa3 Rc5 33. b4 Rc8 34.
b5 axb5 35. Qe7 Rf8 36. g5 Qc2+ 37. Kh3 Qg6 38. Ne4 hxg5 39. hxg5 Qf7 40. Qd6
Qf5+ 41. Kh2 Bf4+ 42. Kg2 Bxg5 43. Ng3 Qg6 44. Rh1 e4 45. Qxd4 exf3+ 46. Kh3 Rf4 0-1

[Event "51st World Juniors"]
[Site "Athens GRE"]
[Date "2012.08.07"]
[Round "6.43"]
[White "Aravindh, Chithambaram VR."]
[Black "Arvola, Benjamin"]
[Result "1-0"]
[WhiteTitle "FM"]
[WhiteElo "2240"]
[BlackElo "2300"]
[WhiteFideId "5072786"]
[BlackFideId "1506536"]
[EventDate "2012.08.02"]

1. e4 e6 2. d4 d5 3. Nc3 Bb4 4. e5 c5 5. a3 Bxc3+ 6. bxc3 Ne7 7. Qg4 Kf8 8. Nf3
Qa5 9. Bd2 Qa4 10. Ra2 b6 11. Qf4 h6 12. dxc5 Qe4+ 13. Be3 Qxf4 14. Bxf4 bxc5
15. h4 Nd7 16. Rb2 Nc6 17. Be2 Ke7 18. c4 d4 19. Kd2 Ba6 20. c3 dxc3+ 21. Kxc3
Nb6 22. Rbb1 Na5 23. Nd2 Rhd8 24. Be3 Ke8 25. h5 Rd7 26. Rh4 Rb8 27. Kc2 Rbd8
28. Rg4 Bb7 29. f3 Nc6 30. Rxg7 Kf8 31. Rg4 Nd4+ 32. Kd1 Na4 33. Bxh6+ Ke7 34.
Bg5+ Ke8 35. Bxd8 Nc3+ 36. Ke1 Nc2+ 37. Kf2 Kxd8 38. Rxb7 Rxb7 39. h6 Rd7 40. h7
Rxd2 41. h8=Q+ Kc7 42. Qf8 Rxe2+ 43. Kg3 Rxe5 44. Qe7+ Kc6 45. Rg8 Rf5 46. Rc8+
Kb6 47. Qd8+ Kb7 48. Qd7+ Kb6 49. Rc6+ 1-0

[Event "51st World Juniors"]
[Site "Athens GRE"]
[Date "2012.08.07"]
[Round "6.44"]
[White "Vasques, Antonio Pedro Freixial"]
[Black "Brown, Andrew"]
[Result "1/2-1/2"]
[BlackTitle "IM"]
[WhiteElo "2214"]
[BlackElo "2296"]
[WhiteFideId "1908332"]
[BlackFideId "3206513"]
[EventDate "2012.08.02"]

1. e4 c5 2. Nc3 Nc6 3. Nf3 g6 4. d4 cxd4 5. Nxd4 Bg7 6. Be3 Nf6 7. Bc4 O-O 8.
Bb3 a5 9. O-O a4 10. Nxa4 Nxe4 11. Nb5 d6 12. Bb6 Qd7 13. Qe2 Qf5 14. c4 Nc5 15.
Bc2 Qe6 16. Qxe6 Bxe6 17. Nxc5 dxc5 18. Bb3 Bxb2 19. Rab1 Bd4 20. Nxd4 cxd4 21.
Rbd1 Ra6 22. Bxd4 Nxd4 23. Rxd4 Rc8 24. f3 Rac6 25. Rb1 Kf8 26. h3 h5 27. h4
Bxc4 28. Bxc4 Rxc4 29. Rxc4 Rxc4 30. Rxb7 Rxh4 31. Ra7 Rb4 32. a4 f5 33. Kh2 Kf7
34. a5 Ra4 35. a6 h4 36. Ra8 g5 37. a7 Ra2 38. Kh3 Ra3 39. Kh2 Kg7 40. g3 hxg3+
41. Kxg3 Ra2 42. Kh3 Kf7 43. Kg3 Ke6 44. Rg8 Rxa7 45. Rxg5 Ke5 46. Rg8 Ra2 47.
Rb8 f4+ 48. Kh3 Rc2 49. Rb5+ Kd4 50. Kg4 e5 51. Kf5 Re2 52. Rb4+ Kd3 53. Rb5 Re3
54. Kg4 Ke2 55. Ra5 Kf2 56. Rb5 Re2 57. Rb3 Kg2 58. Ra3 Kh2 59. Rb3 Kg2 60. Ra3
Rf2 61. Rb3 Re2 62. Ra3 1/2-1/2

[Event "51st World Juniors"]
[Site "Athens GRE"]
[Date "2012.08.07"]
[Round "6.45"]
[White "Yurtseven, Melih"]
[Black "Torres, Juan Camilo"]
[Result "0-1"]
[WhiteElo "2126"]
[BlackElo "2291"]
[WhiteFideId "6312160"]
[BlackFideId "4405790"]
[EventDate "2012.08.02"]

1. e4 c5 2. Nf3 e6 3. d4 cxd4 4. Nxd4 a6 5. Bd3 Nf6 6. O-O d6 7. c4 Qc7 8. Nc3
Be7 9. Be3 O-O 10. Rc1 Nbd7 11. f4 Re8 12. b4 b6 13. g4 Nf8 14. g5 N6d7 15. h4
Bb7 16. h5 Qd8 17. Qc2 Rc8 18. a3 e5 19. Nf5 exf4 20. Bxf4 Ne6 21. Qg2 Nxf4 22.
Rxf4 Ne5 23. g6 fxg6 24. hxg6 hxg6 25. Nxe7+ Qxe7 26. Bb1 Rf8 27. Rff1 Rxf1+ 28.
Rxf1 Rf8 29. Rxf8+ Qxf8 30. Ba2 Qf6 31. c5+ Kf8 32. Qf2 Qxf2+ 33. Kxf2 dxc5 34.
bxc5 Nd3+ 35. Ke3 Nxc5 36. Kd4 Ke7 37. Bd5 Bc8 38. a4 a5 39. e5 Bd7 40. Ba2 Bc6
41. Nd5+ Bxd5 42. Bxd5 Nxa4 43. Kc4 b5+ 44. Kd4 b4 45. Be4 Nc3 46. Bxg6 a4 47.
Kc4 a3 48. Kb3 a2 49. Kb2 Ke6 0-1

[Event "51st World Juniors"]
[Site "Athens GRE"]
[Date "2012.08.07"]
[Round "6.46"]
[White "Torkkola, Henri"]
[Black "Leiva, Giuseppe"]
[Result "1/2-1/2"]
[BlackTitle "FM"]
[WhiteElo "2123"]
[BlackElo "2283"]
[WhiteFideId "507660"]
[BlackFideId "3804399"]
[EventDate "2012.08.02"]

1. e4 c5 2. c3 Nf6 3. e5 Nd5 4. d4 cxd4 5. Nf3 Nc6 6. Bc4 Nb6 7. Bb3 d5 8. exd6
Qxd6 9. O-O Be6 10. Na3 dxc3 11. Bxe6 Qxe6 12. Nb5 Rc8 13. Re1 c2 14. Qxc2 Qd7
15. Bf4 e6 16. Rad1 Nd5 17. Qe4 Be7 18. Nd6+ Kf8 19. Nxc8 Qxc8 20. Ne5 Nxe5 21.
Bxe5 Qd7 22. Rc1 f6 23. Bd4 Kf7 24. Red1 a6 25. Be3 g6 26. Qc4 Bd6 27. a4 Rd8
28. a5 Kg7 29. Bb6 Re8 30. g3 h5 31. h4 Kh7 32. Rxd5 exd5 33. Qxd5 Re5 34. Qd4
Qe6 35. Rd1 Re1+ 36. Rxe1 Qxe1+ 37. Kg2 Qe6 38. Bc5 1/2-1/2

[Event "51st World Juniors"]
[Site "Athens GRE"]
[Date "2012.08.07"]
[Round "6.47"]
[White "Kourkoulos-Arditis, Stamatis"]
[Black "Nuri, Kambez"]
[Result "1-0"]
[BlackTitle "FM"]
[WhiteElo "2109"]
[BlackElo "2274"]
[WhiteFideId "4221990"]
[BlackFideId "1311433"]
[EventDate "2012.08.02"]

1. e4 c5 2. Nf3 d6 3. d4 cxd4 4. Nxd4 Nf6 5. Nc3 Nc6 6. Bg5 e6 7. Qd2 a6 8. f4
Bd7 9. O-O-O b5 10. Bxf6 gxf6 11. Kb1 b4 12. Nce2 Qb6 13. Ng3 Nxd4 14. Qxd4 Qxd4
15. Rxd4 h5 16. Be2 h4 17. Nh5 Rh6 18. Rxb4 d5 19. Rb7 dxe4 20. Rd1 Bc6 21. Rc7
Bd5 22. c4 Bd6 23. Ng7+ Kf8 24. Rd7 Kxg7 25. Rxd6 Bb7 26. c5 Rc8 27. Rc1 Rc6 28.
Rxc6 Bxc6 29. Bxa6 Rg6 30. Bf1 Rg4 31. b4 e3 32. g3 hxg3 33. hxg3 Rxg3 34. Bd3
e5 35. fxe5 Rg4 36. b5 Bxb5 37. Bxb5 Rb4+ 38. Kc2 Rxb5 39. Kd3 e2 40. Kxe2 Rb2+
41. Kd3 Rxa2 42. c6 Ra8 43. c7 Rc8 44. Kd4 fxe5+ 45. Kxe5 f5 46. Kd6 Kf6 47. Kd7
Rxc7+ 48. Kxc7 Ke5 49. Kc6 f4 50. Kc5 Ke4 51. Kc4 Ke3 52. Kc3 Ke2 53. Kd4 f3 54.
Rc2+ 1-0

[Event "51st World Juniors"]
[Site "Athens GRE"]
[Date "2012.08.07"]
[Round "6.48"]
[White "Podolsky, Anton"]
[Black "Kalogridakis, Georgios"]
[Result "1-0"]
[WhiteElo "2246"]
[BlackElo "2017"]
[WhiteFideId "14119668"]
[BlackFideId "4249666"]
[EventDate "2012.08.02"]

1. Nf3 d5 2. g3 Nf6 3. Bg2 e6 4. O-O Be7 5. d3 O-O 6. Nbd2 b6 7. e4 Bb7 8. e5
Nfd7 9. Re1 Re8 10. h4 f6 11. Bh3 Nf8 12. Nf1 c5 13. d4 Nc6 14. c3 fxe5 15. Nxe5
Nxe5 16. Rxe5 Bf6 17. Bg5 Qc7 18. Bxf6 gxf6 19. Re1 Rad8 20. Ne3 Rd6 21. Qf3 e5
22. Nf5 Rdd8 23. Nh6+ Kg7 24. Ng4 Nd7 25. Qe3 Qc6 26. Nh6 Nf8 27. Nf5+ Kh8 28.
Qh6 Rd7 29. c4 Rf7 30. Bg2 Qd7 31. Qh5 Ng6 32. dxc5 bxc5 33. cxd5 Bc8 34. Be4
Qd8 35. Nd6 Rg7 36. Bxg6 Qxd6 37. Bxe8 e4 38. Re3 Bg4 39. Qh6 Bf3 40. Kh2 Qe5
41. Rae1 Qxb2 42. Rxf3 exf3 43. Qe3 Qb4 44. Bh5 f5 45. Qe8+ Rg8 46. Qe7 Qb6 47.
d6 Qb2 48. Qe5+ 1-0

[Event "51st World Juniors"]
[Site "Athens GRE"]
[Date "2012.08.07"]
[Round "6.49"]
[White "Poulopoulos, Ioannis"]
[Black "Haarr, Jon Kristian"]
[Result "1-0"]
[WhiteElo "2007"]
[BlackElo "2245"]
[WhiteFideId "4218078"]
[BlackFideId "1505963"]
[EventDate "2012.08.02"]

1. e4 d6 2. d4 g6 3. Nc3 Bg7 4. f4 a6 5. Nf3 b5 6. Bd3 Bb7 7. a3 c5 8. Be3 c4 9.
Be2 Nf6 10. Nd2 Nbd7 11. e5 Nd5 12. Nxd5 Bxd5 13. O-O e6 14. Bf3 Bxf3 15. Qxf3
d5 16. f5 gxf5 17. g4 Qh4 18. gxf5 O-O-O 19. b3 Rhg8 20. Kh1 c3 21. Nb1 Nxe5 22.
dxe5 Bxe5 23. Bf4 Qxf4 24. Qxf4 Bxf4 25. Rxf4 e5 26. Rb4 d4 27. a4 e4 28. axb5
e3 29. bxa6 e2 30. Na3 d3 31. a7 Kc7 32. Nb5+ Kc6 33. cxd3 Rxd3 34. Nd4+ Kd5 35.
Nxe2 Re3 36. Nxc3+ Rxc3 37. a8=Q+ Rxa8 38. Rxa8 Ke5 39. Ra5+ Kf6 40. h4 h5 41.
Rb6+ Kg7 42. f6+ Kg6 43. Rg5+ Kh6 44. Rb8 Rh3+ 45. Kg2 Rxh4 46. Rg3 Rg4 47. Rxg4
hxg4 48. Rg8 Kh5 49. Kg3 Kh6 50. Kxg4 Kh7 51. Rb8 Kg6 52. Rb6 Kh6 53. Kf5 Kh5
54. Rb4 Kh6 55. Rh4# 1-0

[Event "51st World Juniors"]
[Site "Athens GRE"]
[Date "2012.08.07"]
[Round "6.50"]
[White "Minko, Vladimir"]
[Black "Papasimakopoulos, Alexandros"]
[Result "1-0"]
[WhiteElo "2257"]
[BlackElo "2126"]
[WhiteFideId "24146706"]
[BlackFideId "4244125"]
[EventDate "2012.08.02"]

1. d4 f5 2. g3 Nf6 3. Bg2 g6 4. Nh3 Bg7 5. Nf4 Nc6 6. d5 Ne5 7. Nc3 c6 8. e4
fxe4 9. Nxe4 Nxe4 10. Bxe4 cxd5 11. Bxd5 e6 12. Bg2 O-O 13. O-O Qb6 14. Qe2 d5
15. c3 Qd6 16. Rd1 Bd7 17. c4 d4 18. Bxb7 Rad8 19. Be4 Bc6 20. Nd3 Nxc4 21. Bxc6
Qxc6 22. Nb4 Qf3 23. Qxf3 Rxf3 24. b3 Nd6 25. Kg2 Rf5 26. Bb2 e5 27. Rac1 Rdf8
28. f4 exf4 29. Bxd4 f3+ 30. Kf1 Ne4 31. Bxg7 Kxg7 32. Rc4 Nf6 33. Nc6 Re8 34.
Re1 Rxe1+ 35. Kxe1 f2+ 36. Kf1 Nd5 37. Re4 Nc3 38. Re3 Nxa2 39. Nxa7 Nb4 40. Re4
Nd3 41. b4 h5 42. Rd4 Rf3 43. Re4 Rf5 44. Nc6 Rd5 45. Re3 Nb2 46. Re7+ Kf6 47.
Kxf2 Nd1+ 48. Kf3 Rd2 49. Re2 Rd5 50. Rc2 Rf5+ 51. Ke2 Nf2 52. Nd4 Rd5 53. Kxf2
Rxd4 54. Rb2 Ke7 55. Ke3 Rg4 56. b5 Kd8 57. b6 Kc8 58. b7+ Kb8 59. Rb6 g5 60.
Rb5 Ra4 61. Rxg5 h4 62. Rg7 Rb4 63. Kf3 1-0

[Event "51st World Juniors"]
[Site "Athens GRE"]
[Date "2012.08.07"]
[Round "6.51"]
[White "Du Plessis, Heinco"]
[Black "Sodikov, Ilyas"]
[Result "1/2-1/2"]
[WhiteElo "2075"]
[BlackElo "2234"]
[WhiteFideId "14306263"]
[BlackFideId "13705490"]
[EventDate "2012.08.02"]

1. e4 c5 2. b4 cxb4 3. a3 Nf6 4. e5 Nd5 5. axb4 e6 6. b5 d6 7. c4 Nb4 8. exd6
Qxd6 9. Nf3 Nd3+ 10. Bxd3 Qxd3 11. Qe2 Qxe2+ 12. Kxe2 f6 13. d4 Nd7 14. Bf4 b6
15. Nc3 a5 16. bxa6 Bxa6 17. Nb5 Kf7 18. Kd3 g5 19. Bg3 h5 20. h3 Bb7 21. Rxa8
Bxa8 22. Ra1 Be7 23. Ra7 Rd8 24. Bc7 Rc8 25. Bd6 Bc6 26. Rc7 Rxc7 27. Bxc7 Bb4
28. Nc3 g4 29. hxg4 hxg4 30. Ne1 f5 31. g3 Nf6 32. Bxb6 Ne4 33. Nxe4 Bxe4+ 34.
Ke2 Bxe1 35. Kxe1 Bd3 36. c5 Be4 37. Kd2 Ke7 38. Ke3 Kd7 39. Kf4 Kc6 40. Ke5 Bd5 1/2-1/2

[Event "51st World Juniors"]
[Site "Athens GRE"]
[Date "2012.08.07"]
[Round "6.52"]
[White "Haria, Ravi"]
[Black "Gantar, Jan"]
[Result "1/2-1/2"]
[WhiteElo "2054"]
[BlackElo "2218"]
[WhiteFideId "415820"]
[BlackFideId "14607875"]
[EventDate "2012.08.02"]

1. e4 e6 2. d4 d5 3. Nd2 Nf6 4. e5 Nfd7 5. Bd3 c5 6. c3 Nc6 7. Ngf3 a5 8. O-O g6
9. h4 cxd4 10. cxd4 Qb6 11. a3 Nxd4 12. Nxd4 Qxd4 13. Nf3 Qb6 14. Qa4 Qd8 15. h5
Be7 16. Bh6 Bf8 17. Be3 Be7 18. Rac1 O-O 19. hxg6 fxg6 20. Qg4 Rxf3 21. Qxf3
Nxe5 22. Qe2 Bd6 23. Bc5 Bc7 24. Bd4 Nc6 25. Be3 e5 26. Bb5 Qf6 27. Qd2 d4 28.
Bg5 Qd6 29. Rfe1 Bf5 30. Bc4+ Kh8 31. Bd3 e4 32. Bxe4 Re8 33. f3 Bxe4 34. Rxe4
Rxe4 35. fxe4 Qh2+ 36. Kf1 Bg3 37. Bf6+ Kg8 38. Bxd4 Bf4 39. Be3 Qh1+ 40. Kf2
Qh4+ 41. Ke2 Qh5+ 42. Kf1 Qh1+ 43. Kf2 Qh4+ 44. Ke2 Qh5+ 45. Kf1 1/2-1/2

[Event "51st World Juniors"]
[Site "Athens GRE"]
[Date "2012.08.07"]
[Round "6.53"]
[White "Koutoukidis, Panagiotis"]
[Black "Vandevenne, Sander"]
[Result "1/2-1/2"]
[WhiteElo "2167"]
[BlackElo "2083"]
[WhiteFideId "4244702"]
[BlackFideId "223000"]
[EventDate "2012.08.02"]

1. e4 e6 2. d4 d5 3. Nc3 dxe4 4. Nxe4 Nd7 5. Nf3 Ngf6 6. Bd3 Be7 7. O-O Nxe4 8.
Bxe4 Nf6 9. Bd3 O-O 10. Qe2 b6 11. Rd1 Bb7 12. c4 Qe8 13. b3 c5 14. dxc5 Bxc5
15. Bb2 Qe7 16. Ng5 Rfd8 17. Bxf6 Qxf6 18. Bxh7+ Kf8 19. Be4 Qxg5 20. Bxb7 Rxd1+
21. Rxd1 Rd8 22. Rxd8+ Qxd8 23. g3 Qd4 24. Kg2 Ke7 25. h4 a5 26. Bc6 Kd6 27. Bb5
f5 28. Qf3 Qe4 29. Qxe4 fxe4 30. g4 Ke5 31. Kg3 Be7 32. g5 Kf5 33. Bd7 Bd6+ 1/2-1/2

[Event "51st World Juniors"]
[Site "Athens GRE"]
[Date "2012.08.07"]
[Round "6.55"]
[White "Stepanyan, Henrik"]
[Black "Ladva, Ottomar"]
[Result "0-1"]
[WhiteElo "2022"]
[BlackElo "2153"]
[WhiteFideId "401030"]
[BlackFideId "4500024"]
[EventDate "2012.08.02"]

1. d4 d5 2. c4 e6 3. Nc3 Be7 4. Nf3 Nf6 5. Bg5 h6 6. Bh4 O-O 7. e3 Ne4 8. Bxe7
Qxe7 9. Qc2 Nxc3 10. Qxc3 c6 11. Bd3 dxc4 12. Bxc4 Nd7 13. O-O b6 14. Rfd1 Bb7
15. Be2 c5 16. Rac1 Rfd8 17. dxc5 Nxc5 18. Qe5 Rxd1+ 19. Rxd1 Rc8 20. Qd4 Bd5
21. b3 Ne4 22. Bc4 Qa3 23. Bxd5 Nc3 24. Bc4 Nxd1 25. Qxd1 b5 26. Bf1 Qxa2 27.
Qd7 Rc1 28. Qxb5 Rb1 29. g3 Qxb3 30. Qxb3 Rxb3 31. Kg2 a5 32. Nd4 Rb2 33. Nb5 a4
34. g4 Kf8 35. Nc3 a3 36. Bc4 Rc2 37. Nb5 Rxc4 38. Nxa3 Rc5 39. Nb1 Rc2 40. Na3
Ra2 41. Nb5 Ke7 42. Nd4 Kd6 43. h4 g6 44. Nb5+ Ke7 45. Nd4 e5 46. Nf3 Ke6 47.
Ne1 Kd5 48. Kf3 Ra1 49. Ng2 Rh1 50. Kg3 Ke4 51. f3+ Kd5 52. Kf2 Ra1 53. Kg3 Rg1 0-1

[Event "51st World Juniors"]
[Site "Athens GRE"]
[Date "2012.08.07"]
[Round "6.56"]
[White "Zeppos, Panagiotis"]
[Black "Ashiku, Franc"]
[Result "1/2-1/2"]
[WhiteElo "1978"]
[BlackElo "2152"]
[WhiteFideId "4228383"]
[BlackFideId "4700066"]
[EventDate "2012.08.02"]

1. e4 c5 2. Nf3 d6 3. d4 cxd4 4. Nxd4 Nf6 5. Nc3 a6 6. Be2 e5 7. Nb3 Be7 8. Be3
Be6 9. O-O Nbd7 10. f3 O-O 11. Nd5 Bxd5 12. exd5 b5 13. a4 Nb6 14. Bxb6 Qxb6+
15. Kh1 Qb7 16. Na5 Qxd5 17. Qxd5 Nxd5 18. axb5 axb5 19. Bxb5 Ne3 20. Rfc1 d5
21. c4 Bb4 22. Nc6 Bd2 23. Rxa8 Rxa8 24. Rb1 dxc4 25. Nxe5 Rc8 26. Ng4 Nxg4 27.
fxg4 Rc5 28. Ba4 g6 29. Bd1 Rb5 30. Be2 Rb4 31. Rd1 Be3 32. g3 Kg7 33. Bf1 Kf6
34. Re1 Bd2 35. Re4 Rxb2 36. Rxc4 1/2-1/2

[Event "51st World Juniors"]
[Site "Athens GRE"]
[Date "2012.08.07"]
[Round "6.57"]
[White "Zulfic, Fedja"]
[Black "Hatzoudis, Gerasimos"]
[Result "1/2-1/2"]
[WhiteElo "2135"]
[BlackElo "1843"]
[WhiteFideId "3208427"]
[BlackFideId "4221370"]
[EventDate "2012.08.02"]

1. e4 c5 2. Nf3 d6 3. d4 cxd4 4. Nxd4 Nf6 5. Nc3 a6 6. Bg5 Nbd7 7. f4 Qa5 8. Qf3
h6 9. Bh4 e5 10. Nb3 Qc7 11. O-O-O Be7 12. f5 b5 13. g4 Bb7 14. Bg2 b4 15. Bxf6
Nxf6 16. Nd5 Nxd5 17. exd5 Rc8 18. Na1 h5 19. h4 Qc4 20. Kb1 hxg4 21. Qf2 Qc5
22. Qg3 Qc4 23. Qf2 Bd8 24. h5 Qf4 25. Qe1 a5 26. Rf1 Qc4 27. Rh1 a4 28. Bf1 Qc5
29. Bg2 Ba6 30. Qe4 Qc4 31. Rhe1 Bb6 32. Qxc4 Bxc4 33. Re4 Ba5 34. b3 axb3 35.
cxb3 Ba6 36. Bf1 Bxf1 37. Rxf1 Rxh5 38. Rxg4 Kf8 39. Nc2 Rh2 40. Nxb4 Bxb4 41.
Rxb4 Rd2 42. f6 gxf6 43. Rxf6 Ke7 44. Rf1 Rxd5 45. Rb7+ Ke6 46. Rbxf7 Rd2 47.
R7f2 Rxf2 48. Rxf2 e4 49. Rc2 Rb8 50. Kb2 d5 51. a4 Kd6 52. Rh2 Kc5 53. Rh7 e3
54. Re7 Kd4 55. a5 Kd3 56. a6 e2 57. Re6 Kd2 58. a7 Ra8 59. Rd6 e1=Q 60. Rxd5+
Ke2 61. Re5+ Kf2 62. Rxe1 Kxe1 63. Kc3 Rxa7 64. b4 Ke2 65. Kc4 Ra4 66. Kc5 Kd3
67. b5 Rc4+ 68. Kd6 Rb4 69. Kc6 Kd4 70. b6 Ke5 71. b7 Ke6 72. Kc7 Rc4+ 73. Kb6 1/2-1/2

[Event "51st World Juniors"]
[Site "Athens GRE"]
[Date "2012.08.07"]
[Round "6.58"]
[White "Liodakis, Konstantinos-Spyros"]
[Black "Alexiadis, Hristos"]
[Result "1-0"]
[WhiteElo "2130"]
[BlackElo "1769"]
[WhiteFideId "4217136"]
[BlackFideId "4249623"]
[EventDate "2012.08.02"]

1. Nf3 c5 2. g3 Nc6 3. Bg2 g6 4. O-O Bg7 5. c4 d6 6. Nc3 e5 7. d3 Nge7 8. Nd5
O-O 9. h4 Nxd5 10. cxd5 Ne7 11. Nd2 b5 12. a4 Bb7 13. axb5 Bxd5 14. Ne4 Rb8 15.
Qa4 Nf5 16. e3 Kh8 17. Bd2 Be6 18. Nc3 d5 19. Qxa7 d4 20. Nd1 dxe3 21. Nxe3 Qxd3
22. Nxf5 Bxf5 23. Be3 Qxb5 24. Bxc5 Rfe8 25. b4 Be6 26. Rfd1 Rbd8 27. Rxd8 Rxd8
28. Qa5 Qd7 29. Bc6 Qd3 30. b5 Rg8 31. Qa3 e4 32. b6 Qd8 33. b7 Qc7 34. Rb1 Be5
35. Bxe4 f5 36. Ba7 Qd7 37. b8=Q Bxb8 38. Bxb8 fxe4 39. Be5+ Rg7 40. Qf8+ Bg8
41. Rb8 Qd1+ 42. Kh2 1-0

[Event "51st World Juniors"]
[Site "Athens GRE"]
[Date "2012.08.07"]
[Round "6.59"]
[White "Kalofonos, Panayotis"]
[Black "Jones, William E G"]
[Result "1/2-1/2"]
[WhiteElo "1806"]
[BlackElo "2127"]
[WhiteFideId "4233824"]
[BlackFideId "470554"]
[EventDate "2012.08.02"]

1. e4 c5 2. Nf3 d6 3. d4 cxd4 4. Nxd4 Nf6 5. Nc3 a6 6. Be3 e5 7. Nb3 Be6 8. f3
Be7 9. Qd2 O-O 10. O-O-O Nbd7 11. g4 b5 12. g5 b4 13. Ne2 Ne8 14. f4 a5 15. f5
a4 16. Nbd4 exd4 17. Nxd4 b3 18. Kb1 bxc2+ 19. Nxc2 Bb3 20. axb3 axb3 21. Na3
Ne5 22. Qg2 Qb8 23. Bf4 Ra4 24. h4 Qb4 25. f6 Bd8 26. Bxe5 dxe5 27. Bb5 Ra8 28.
Bc6 Rb8 29. Bd5 Nc7 30. fxg7 Kxg7 31. Qg3 Qe7 32. Bxb3 Nb5 33. Nxb5 Rxb5 34. Bc4
Rb4 35. b3 Bb6 36. Qf3 Rc8 37. Qf6+ Qxf6 38. gxf6+ Kh6 39. Kc2 Bd4 40. Kd3 Rb6
41. Rdf1 1/2-1/2